[Event "Gibraltar ChallWk1 12th"]
[Site "Gibraltar"]
[Date "2014.01.29"]
[Round "3.9"]
[White "Byron, Alan M"]
[Black "Vea, Odin Blikra"]
[Result "0-1"]
[WhiteElo "2147"]
[BlackElo "2217"]
[PlyCount "88"]
[EventDate "2014.01.27"]
[EventType "swiss"]
[EventRounds "5"]
[EventCountry "GGB"]
[SourceTitle "BritBase"]
[Source "www.saund.co.uk"]
[SourceDate "2018.02.10"]
[SourceVersion "1"]
[SourceVersionDate "2018.02.10"]
[SourceQuality "1"]

1. e4 c5 2. Nf3 d6 3. d4 cxd4 4. Nxd4 Nf6 5. Nc3 g6 6. Be2 Bg7 7. Be3 O-O 8.
O-O Nc6 9. Nb3 Be6 10. f4 Qc8 11. Kh1 Rd8 12. Bf3 Bc4 13. Rf2 d5 14. exd5 Nxd5
15. Nxd5 Bxd5 16. Bxd5 e6 17. Rd2 exd5 18. c3 Qe6 19. Qf3 Re8 20. Bg1 Qe4 21.
Rf1 Rad8 22. h3 Bh6 23. Bd4 b6 24. Qg4 Rd6 25. Rdf2 f5 26. Qh4 g5 27. Qg3 Rg6
28. fxg5 Rxg5 29. Qc7 Rg6 30. Qd7 f4 31. Nd2 Qe6 32. Qxe6+ Rgxe6 33. Nf3 Ne7
34. Re1 Re4 35. Rd1 Nf5 36. Rfd2 Ng3+ 37. Kg1 Nf5 38. Bf2 Ne3 39. Bxe3 fxe3 40.
Re2 Rd8 41. Rd3 Kf7 42. Nd2 exd2 43. Rxe4 dxe4 44. Rxd8 Ke7 0-1

[Event "Gibraltar ChallWk1 12th"]
[Site "Gibraltar"]
[Date "2014.01.29"]
[Round "3.10"]
[White "Kandic, Milan"]
[Black "Mihajlov, Sebastian"]
[Result "0-1"]
[WhiteElo "2080"]
[BlackElo "2185"]
[PlyCount "50"]
[EventDate "2014.01.27"]
[EventType "swiss"]
[EventRounds "5"]
[EventCountry "GGB"]
[SourceTitle "BritBase"]
[Source "www.saund.co.uk"]
[SourceDate "2018.02.10"]
[SourceVersion "1"]
[SourceVersionDate "2018.02.10"]
[SourceQuality "1"]

1. d4 d5 2. Nf3 Nf6 3. Bf4 c5 4. e3 Nc6 5. c3 Qb6 6. Qb3 c4 7. Qc2 Bf5 8. Qc1
e6 9. Be2 Be7 10. Nbd2 O-O 11. Ne5 Nxe5 12. dxe5 Nd7 13. g4 Bg6 14. h4 Nc5 15.
h5 Bd3 16. b4 cxb3 17. axb3 Qb5 18. c4 dxc4 19. bxc4 Qc6 20. Bf3 Qd7 21. Qc3
Rfd8 22. Nb3 Nxb3 23. Qxb3 a5 24. Be2 Qc6 25. f3 Bb4+ 0-1

[Event "Gibraltar ChallWk1 12th"]
[Site "Gibraltar"]
[Date "2014.01.29"]
[Round "3.11"]
[White "Festa, Samuele"]
[Black "Rodriguez Alvarez, Vidal"]
[Result "0-1"]
[WhiteElo "2075"]
[BlackElo "2166"]
[PlyCount "74"]
[EventDate "2014.01.27"]
[EventType "swiss"]
[EventRounds "5"]
[EventCountry "GGB"]
[SourceTitle "BritBase"]
[Source "www.saund.co.uk"]
[SourceDate "2018.02.10"]
[SourceVersion "1"]
[SourceVersionDate "2018.02.10"]
[SourceQuality "1"]

1. e4 c5 2. Nf3 e6 3. c3 Nf6 4. e5 Nd5 5. d4 cxd4 6. cxd4 Nc6 7. Bc4 d6 8. O-O
Be7 9. exd6 Qxd6 10. Nc3 Nxc3 11. bxc3 O-O 12. Qe2 b6 13. Bd3 Bb7 14. Re1 Rac8
15. Qe4 g6 16. Bg5 Bxg5 17. Nxg5 Kg7 18. Qh4 h6 19. Ne4 Qe7 20. Qg3 Rfd8 21. f4
Na5 22. f5 exf5 23. Nc5 Qd6 24. Qxd6 Rxd6 25. Nxb7 Nxb7 26. Ba6 Rc7 27. Rac1
Na5 28. Re2 Rxd4 29. cxd4 Rxc1+ 30. Kf2 Rd1 31. Ke3 Nc6 32. Bd3 Nb4 33. Bc4 f4+
34. Ke4 f5+ 35. Ke5 Nc6+ 36. Kd6 Rxd4+ 37. Kxc6 Rxc4+ 0-1

[Event "Gibraltar ChallWk1 12th"]
[Site "Gibraltar"]
[Date "2014.01.29"]
[Round "3.12"]
[White "Vinas Guerrero, Carlos A"]
[Black "Lercel, Michal"]
[Result "0-1"]
[WhiteElo "2153"]
[BlackElo "2150"]
[PlyCount "124"]
[EventDate "2014.01.27"]
[EventType "swiss"]
[EventRounds "5"]
[EventCountry "GGB"]
[SourceTitle "BritBase"]
[Source "www.saund.co.uk"]
[SourceDate "2018.02.10"]
[SourceVersion "1"]
[SourceVersionDate "2018.02.10"]
[SourceQuality "1"]

1. e4 c5 2. Nf3 Nc6 3. Nc3 d6 4. d4 cxd4 5. Nxd4 e6 6. Be3 Nf6 7. Be2 Be7 8.
O-O O-O 9. f4 e5 10. Nb3 exf4 11. Bxf4 Be6 12. Kh1 Ne8 13. Qd2 Bf6 14. Rad1 Be5
15. Bxe5 Nxe5 16. Qd4 Qg5 17. Nd2 Qh6 18. Qf2 Nf6 19. Qf4 Qxf4 20. Rxf4 Rad8
21. Nb3 Bxb3 22. axb3 Ng6 23. Rf2 Rfe8 24. Bf3 Re5 25. Rfd2 Ne8 26. Kg1 Kf8 27.
Kf2 Ne7 28. Be2 a6 29. Bc4 b5 30. Bd5 b4 31. Na2 a5 32. c3 bxc3 33. Nxc3 Nf6
34. Ra1 Nexd5 35. exd5 Rb8 36. Rxa5 Rxb3 37. Ra8+ Ke7 38. Ra7+ Nd7 39. Ra3 Rb7
40. Ra8 Nb6 41. Rh8 Nc4 42. Rc2 h6 43. Rg8 g6 44. Rh8 h5 45. h3 Rxb2 46. Rxb2
Nxb2 47. Rb8 Nd3+ 48. Kg1 Nf4 49. Rb7+ Ke8 50. Rb8+ Ke7 51. Rb7+ Kf8 52. Rb8+
Kg7 53. Rd8 Nxd5 54. Nb5 Re2 55. Kf1 Rb2 56. Nxd6 Ne3+ 57. Kg1 Rxg2+ 58. Kh1
Rf2 59. Ne8+ Kh6 60. Rd3 Nf5 61. Nf6 Re2 62. Nd7 Re3 0-1

[Event "Gibraltar ChallWk1 12th"]
[Site "Gibraltar"]
[Date "2014.01.29"]
[Round "3.14"]
[White "Omoifo, Osemekhian I"]
[Black "Gandrud, Vegar Koi"]
[Result "1/2-1/2"]
[WhiteElo "2076"]
[BlackElo "2242"]
[PlyCount "72"]
[EventDate "2014.01.27"]
[EventType "swiss"]
[EventRounds "5"]
[EventCountry "GGB"]
[SourceTitle "BritBase"]
[Source "www.saund.co.uk"]
[SourceDate "2018.02.10"]
[SourceVersion "1"]
[SourceVersionDate "2018.02.10"]
[SourceQuality "1"]

1. Nf3 Nf6 2. d4 d5 3. e3 g6 4. Bd3 Bg7 5. Nbd2 c5 6. O-O O-O 7. c3 Nc6 8. Qe2
Nd7 9. Rd1 e5 10. dxe5 Ndxe5 11. Bc2 Qe7 12. h3 Rd8 13. Nxe5 Nxe5 14. Nf3 b6
15. Nxe5 Qxe5 16. e4 Bf5 17. Bf4 Qxf4 18. exf5 d4 19. g3 Qg5 20. fxg6 hxg6 21.
c4 Re8 22. Qf3 Qf6 23. Qxf6 Bxf6 24. Bd3 Kf8 25. Re1 Bg5 26. Kf1 Rad8 27. Rxe8+
Rxe8 28. Re1 Rxe1+ 29. Kxe1 Bc1 30. b3 Ke7 31. h4 f5 32. h5 gxh5 33. Bxf5 Kf6
34. Bd3 Kg5 35. Kd1 Bb2 36. Ke2 Bc1 1/2-1/2

[Event "Gibraltar ChallWk1 12th"]
[Site "Gibraltar"]
[Date "2014.01.29"]
[Round "3.15"]
[White "Sanchez Botella, Luis Javier"]
[Black "Kozarcanin, Sead"]
[Result "0-1"]
[WhiteElo "2241"]
[BlackElo "2073"]
[PlyCount "164"]
[EventDate "2014.01.27"]
[EventType "swiss"]
[EventRounds "5"]
[EventCountry "GGB"]
[SourceTitle "BritBase"]
[Source "www.saund.co.uk"]
[SourceDate "2018.02.10"]
[SourceVersion "1"]
[SourceVersionDate "2018.02.10"]
[SourceQuality "1"]

1. d4 d5 2. c4 c6 3. Nf3 Nf6 4. Nc3 a6 5. c5 Nbd7 6. Bf4 b6 7. cxb6 Qxb6 8. Na4
Qa5+ 9. Bd2 Qc7 10. Rc1 e6 11. e3 Ne4 12. Bd3 f5 13. O-O Bd6 14. g3 O-O 15. Qe1
Nxd2 16. Nxd2 e5 17. Nb3 e4 18. Be2 Bb7 19. Qa5 Rfc8 20. Qxc7 Rxc7 21. Nac5
Bxc5 22. Nxc5 Nxc5 23. Rxc5 Kf7 24. Rfc1 Ke6 25. b4 Kd6 26. R1c3 Bc8 27. Ra3
Rb8 28. Ra4 Rb6 29. a3 Ra7 30. Kf1 Kc7 31. Ke1 Rb8 32. b5 Bb7 33. bxa6 Bc8 34.
Rb4 Rb6 35. Rxb6 Kxb6 36. Kd2 Bxa6 37. Bxa6 Rxa6 38. Rc3 g5 39. Rb3+ Kc7 40.
Kc3 Ra8 41. Kb4 Rb8+ 42. Kc3 Ra8 43. Kb2 h5 44. Kc3 Ra4 45. Kd2 Ra8 46. Ke2 Ra4
47. h3 Rc4 48. Kd2 Ra4 49. Rc3 Ra8 50. Kd1 Ra4 51. Ke2 Ra8 52. f4 gxf4 53. gxf4
h4 54. Kf2 Rb8 55. Rc2 Rb3 56. Ra2 Kb6 57. Ke2 Kb5 58. a4+ Ka5 59. Rc2 Rb6 60.
Rc5+ Kxa4 61. Kf2 Kb3 62. Ke2 Ra6 63. Kf1 Ra1+ 64. Kf2 Ra2+ 65. Kf1 Rc2 66. Ra5
Ra2 67. Rc5 Rc2 68. Ra5 Rh2 69. Ra8 Rxh3 70. Kf2 Rh2+ 71. Kf1 h3 72. Rh8 Kc3
73. Kg1 Rg2+ 74. Kf1 Rg3 75. Kf2 Rg2+ 76. Kf1 Kd3 77. Rxh3 Re2 78. Rh5 Rxe3 79.
Rxf5 Rf3+ 80. Kg2 Kxd4 81. Rf8 c5 82. f5 Ke5 0-1

[Event "Gibraltar ChallWk1 12th"]
[Site "Gibraltar"]
[Date "2014.01.29"]
[Round "3.16"]
[White "Isherwood, Paul"]
[Black "Congiu, Mathilde"]
[Result "0-1"]
[WhiteElo "2020"]
[BlackElo "2226"]
[PlyCount "50"]
[EventDate "2014.01.27"]
[EventType "swiss"]
[EventRounds "5"]
[EventCountry "GGB"]
[SourceTitle "BritBase"]
[Source "www.saund.co.uk"]
[SourceDate "2018.02.10"]
[SourceVersion "1"]
[SourceVersionDate "2018.02.10"]
[SourceQuality "1"]

1. e4 c5 2. Nf3 d6 3. c3 Nf6 4. h3 Nc6 5. Bd3 e5 6. Bc2 Be7 7. d3 O-O 8. Nbd2
b5 9. Nf1 d5 10. Qe2 c4 11. Ng3 Qc7 12. O-O d4 13. Bg5 Be6 14. Nf5 Bxf5 15.
exf5 e4 16. dxe4 d3 17. Bxd3 cxd3 18. Qxd3 Ne5 19. Qe2 Nxf3+ 20. Qxf3 Rfe8 21.
Rad1 Nxe4 22. Bxe7 Rxe7 23. f6 gxf6 24. Rd4 Rae8 25. Rfd1 Ng5 0-1

[Event "Gibraltar ChallWk1 12th"]
[Site "Gibraltar"]
[Date "2014.01.29"]
[Round "3.17"]
[White "Scharrer, Patrick"]
[Black "Verneuil, Pascal"]
[Result "1-0"]
[WhiteElo "2220"]
[BlackElo "2065"]
[PlyCount "83"]
[EventDate "2014.01.27"]
[EventType "swiss"]
[EventRounds "5"]
[EventCountry "GGB"]
[SourceTitle "BritBase"]
[Source "www.saund.co.uk"]
[SourceDate "2018.02.10"]
[SourceVersion "1"]
[SourceVersionDate "2018.02.10"]
[SourceQuality "1"]

1. e4 c5 2. Nf3 e6 3. d3 d5 4. Qe2 dxe4 5. dxe4 Nc6 6. c3 Nge7 7. g3 b6 8. a4
Bb7 9. Bg2 Qc8 10. Na3 Ng6 11. O-O Be7 12. h4 O-O 13. Rd1 Rd8 14. h5 Nge5 15.
Nxe5 Nxe5 16. Bf4 Nc6 17. h6 e5 18. Rxd8+ Bxd8 19. Be3 Qe6 20. Rd1 a6 21. Kh2
Bc8 22. hxg7 Bc7 23. Nc4 a5 24. b3 Qg6 25. Bf3 Be6 26. Kg2 f5 27. exf5 Bxf5 28.
Bd5+ Kxg7 29. Rh1 h5 30. Qxh5 Be4+ 31. Bxe4 Qxe4+ 32. f3 Qc2+ 33. Nd2 Ne7 34.
Qg5+ Kf7 35. Rh6 Rg8 36. Qh5+ Ng6 37. Rh7+ Rg7 38. Rxg7+ Kxg7 39. Qh6+ Kg8 40.
Kh3 Qf5+ 41. g4 Qf7 42. Kg2 {Unable to reconstruct remaining moves} 1-0

[Event "Gibraltar ChallWk1 12th"]
[Site "Gibraltar"]
[Date "2014.01.29"]
[Round "3.18"]
[White "Rowe, Duane"]
[Black "Nyland, Thomas"]
[Result "1-0"]
[WhiteElo "2218"]
[BlackElo "2047"]
[PlyCount "81"]
[EventDate "2014.01.27"]
[EventType "swiss"]
[EventRounds "5"]
[EventCountry "GGB"]
[SourceTitle "BritBase"]
[Source "www.saund.co.uk"]
[SourceDate "2018.02.10"]
[SourceVersion "1"]
[SourceVersionDate "2018.02.10"]
[SourceQuality "1"]

1. e4 e5 2. Nf3 Nc6 3. Bc4 Bc5 4. b4 Bxb4 5. c3 Ba5 6. d4 Qe7 7. O-O Nf6 8. Ba3
d6 9. d5 Bd7 10. dxc6 Bxc6 11. Bd5 Qd7 12. Bxc6 Qxc6 13. Nbd2 O-O 14. Qe2 Qxc3
15. Nb3 Qc6 16. Nxe5 Qa4 17. Nc4 Bc3 18. Rac1 b5 19. Rxc3 bxc4 20. Nd2 Rfe8 21.
Qxc4 Qxc4 22. Rxc4 c5 23. Rb1 Rab8 24. Rcc1 Rb6 25. f3 Reb8 26. e5 Rxb1 27.
Rxb1 Rxb1+ 28. Nxb1 dxe5 29. Bxc5 a6 30. Nc3 Nd7 31. Na4 f5 32. Ba7 Kf7 33. Nc5
Nxc5 34. Bxc5 Ke6 35. Kf2 g5 36. Ke3 h5 37. h3 Kd5 38. Be7 g4 39. fxg4 hxg4 40.
hxg4 fxg4 41. Bd8 1-0

[Event "Gibraltar ChallWk1 12th"]
[Site "Gibraltar"]
[Date "2014.01.29"]
[Round "3.19"]
[White "Zvarik, Martin"]
[Black "Perdomo Araujo, Angel Eduardo"]
[Result "1-0"]
[WhiteElo "2216"]
[BlackElo "2018"]
[PlyCount "37"]
[EventDate "2014.01.27"]
[EventType "swiss"]
[EventRounds "5"]
[EventCountry "GGB"]
[SourceTitle "BritBase"]
[Source "www.saund.co.uk"]
[SourceDate "2018.02.10"]
[SourceVersion "1"]
[SourceVersionDate "2018.02.10"]
[SourceQuality "1"]

1. d4 d5 2. Nc3 e6 3. f3 c5 4. e4 dxe4 5. d5 Nf6 6. fxe4 exd5 7. exd5 Be7 8.
Bb5+ Bd7 9. Bxd7+ Qxd7 10. Nf3 O-O 11. O-O Rd8 12. Ne5 Qe8 13. Qf3 Nbd7 14. Bf4
Nxe5 15. Bxe5 Qf8 16. Rad1 a6 17. Kh1 b5 18. d6 Bxd6 19. Bxd6 1-0

[Event "Gibraltar ChallWk1 12th"]
[Site "Gibraltar"]
[Date "2014.01.29"]
[Round "3.20"]
[White "Nikolaidis, Konstantinos"]
[Black "Ungureanu, Sandu"]
[Result "1/2-1/2"]
[WhiteElo "2185"]
[BlackElo "2014"]
[PlyCount "76"]
[EventDate "2014.01.27"]
[EventType "swiss"]
[EventRounds "5"]
[EventCountry "GGB"]
[SourceTitle "BritBase"]
[Source "www.saund.co.uk"]
[SourceDate "2018.02.10"]
[SourceVersion "1"]
[SourceVersionDate "2018.02.10"]
[SourceQuality "1"]

1. d4 c5 2. d5 e5 3. c4 d6 4. Nc3 f5 5. e4 Nf6 6. exf5 Bxf5 7. Nge2 g6 8. Ng3
Bg7 9. Bd3 Bxd3 10. Qxd3 O-O 11. O-O Na6 12. a3 Qd7 13. Bd2 Nc7 14. b4 cxb4 15.
axb4 a6 16. Nge4 Nxe4 17. Qxe4 Rae8 18. Rad1 Qf5 19. f3 Rc8 20. Be3 Nb5 21.
Nxb5 Qxe4 22. fxe4 axb5 23. c5 Rxf1+ 24. Kxf1 Bf8 25. Rc1 Kf7 26. Ke2 Ke8 27.
Kd3 Kd7 28. Rf1 Ke8 29. Rc1 Kd7 30. Rf1 Ke8 31. cxd6 Bxd6 32. Rf6 Bxb4 33. Re6+
Kd7 34. Rxe5 Rc3+ 35. Ke2 Rc2+ 36. Kf3 Rc3 37. Ke2 Rc2+ 38. Kf3 Rc3 1/2-1/2

[Event "Gibraltar ChallWk1 12th"]
[Site "Gibraltar"]
[Date "2014.01.29"]
[Round "3.21"]
[White "Nejanky, Maisa"]
[Black "Faika, Michael"]
[Result "0-1"]
[WhiteElo "2040"]
[BlackElo "2147"]
[PlyCount "94"]
[EventDate "2014.01.27"]
[EventType "swiss"]
[EventRounds "5"]
[EventCountry "GGB"]
[SourceTitle "BritBase"]
[Source "www.saund.co.uk"]
[SourceDate "2018.02.10"]
[SourceVersion "1"]
[SourceVersionDate "2018.02.10"]
[SourceQuality "1"]

1. e4 e5 2. Nf3 Nc6 3. d4 exd4 4. Nxd4 Qh4 5. Nc3 Bb4 6. Ndb5 Ba5 7. Be2 a6 8.
Nd4 Qxe4 9. Nxc6 Bxc3+ 10. bxc3 dxc6 11. O-O Qd5 12. Bd3 Be6 13. Rb1 O-O-O 14.
Qe2 Qa5 15. Bf4 Nf6 16. c4 Rhe8 17. Qe3 Kb8 18. Qf3 Ka8 19. h3 Re7 20. Rb2 Bc8
21. Be3 Qh5 22. Qg3 Qe5 23. Qxe5 Rxe5 24. Bf4 Re7 25. Rbb1 h6 26. Be3 Ne4 27.
Rb3 f5 28. Re1 Nc5 29. Ra3 Rde8 30. Kf1 g5 31. Rd1 Ne4 32. Bc1 f4 33. Rb3 c5
34. Bxe4 Rxe4 35. Rbd3 Be6 36. Rd8+ Rxd8 37. Rxd8+ Ka7 38. Ba3 Bxc4+ 39. Kg1 b6
40. Rd7 Kb7 41. Rh7 Re6 42. Rg7 Bxa2 43. h4 Re1+ 44. Kh2 Re2 45. hxg5 hxg5 46.
Rxg5 Rxf2 47. Bc1 f3 0-1

[Event "Gibraltar ChallWk1 12th"]
[Site "Gibraltar"]
[Date "2014.01.29"]
[Round "3.22"]
[White "Karlsson, Jorgen"]
[Black "Reppen, Ellisiv"]
[Result "1-0"]
[WhiteElo "2140"]
[BlackElo "1995"]
[PlyCount "55"]
[EventDate "2014.01.27"]
[EventType "swiss"]
[EventRounds "5"]
[EventCountry "GGB"]
[SourceTitle "BritBase"]
[Source "www.saund.co.uk"]
[SourceDate "2018.02.10"]
[SourceVersion "1"]
[SourceVersionDate "2018.02.10"]
[SourceQuality "1"]

1. Nc3 e5 2. Nf3 Nc6 3. d4 exd4 4. Nxd4 Nxd4 5. Qxd4 Qf6 6. Be3 c6 7. O-O-O Be7
8. g4 d5 9. Rg1 Qxd4 10. Bxd4 Bf6 11. e4 Bxd4 12. Rxd4 dxe4 13. Nxe4 Nf6 14.
Nd6+ Ke7 15. g5 Nd5 16. Nxc8+ Raxc8 17. Bh3 Rce8 18. c4 Nb6 19. Rgd1 h6 20. g6
fxg6 21. Re1+ Kf6 22. Rd6+ Kf7 23. Be6+ Kf8 24. Re3 g5 25. Rf3+ Ke7 26. c5 Rhf8
27. Re3 Rb8 28. Bb3# 1-0

[Event "Gibraltar ChallWk1 12th"]
[Site "Gibraltar"]
[Date "2014.01.29"]
[Round "3.23"]
[White "Jacobsen, Fredrik Beer"]
[Black "Allor, Chukwuka"]
[Result "1-0"]
[WhiteElo "1991"]
[BlackElo "2138"]
[PlyCount "79"]
[EventDate "2014.01.27"]
[EventType "swiss"]
[EventRounds "5"]
[EventCountry "GGB"]
[SourceTitle "BritBase"]
[Source "www.saund.co.uk"]
[SourceDate "2018.02.10"]
[SourceVersion "1"]
[SourceVersionDate "2018.02.10"]
[SourceQuality "1"]

1. e4 c5 2. Nc3 d6 3. g3 Nc6 4. Bg2 g6 5. d3 Bg7 6. Be3 Nf6 7. h3 Nd4 8. Qd2
O-O 9. Nd1 Bd7 10. c3 Nc6 11. Bh6 Bxh6 12. Qxh6 Ne5 13. Qd2 c4 14. dxc4 Nxc4
15. Qc2 Rc8 16. Ne2 b5 17. O-O Rc5 18. b3 Nb6 19. Ne3 Qc8 20. Kh2 a5 21. Rad1
Rh5 22. Ng1 Qc5 23. Rd3 Rc8 24. f4 d5 25. exd5 Nbxd5 26. Nxd5 Rxd5 27. Bxd5
Nxd5 28. Qd2 e6 29. Rc1 Bc6 30. Nf3 Bb7 31. Ne5 Kg7 32. c4 f6 33. Ng4 h5 34.
Ne3 Rc7 35. Rd1 bxc4 36. bxc4 Nxe3 37. Qxe3 Qxc4 38. Rd7+ Rxd7 39. Rxd7+ Kf8
40. Qa3+ 1-0

[Event "Gibraltar ChallWk1 12th"]
[Site "Gibraltar"]
[Date "2014.01.29"]
[Round "3.24"]
[White "Burrows, Martin P"]
[Black "Wynarczyk, Raymond"]
[Result "1-0"]
[WhiteElo "2126"]
[BlackElo "1973"]
[PlyCount "107"]
[EventDate "2014.01.27"]
[EventType "swiss"]
[EventRounds "5"]
[EventCountry "GGB"]
[SourceTitle "BritBase"]
[Source "www.saund.co.uk"]
[SourceDate "2018.02.10"]
[SourceVersion "1"]
[SourceVersionDate "2018.02.10"]
[SourceQuality "1"]

1. e4 c5 2. Nf3 e6 3. d4 cxd4 4. Nxd4 Nf6 5. Nc3 d6 6. g4 Nc6 7. g5 Nd7 8. h4
a6 9. Be3 Qc7 10. Qd2 Nde5 11. Be2 b5 12. f4 Nxd4 13. Bxd4 Nc4 14. Bxc4 Qxc4
15. b3 Qc6 16. O-O-O Bb7 17. Rhe1 e5 18. fxe5 dxe5 19. Bxe5 Ba3+ 20. Kb1 O-O
21. Nd5 Rfe8 22. Ba1 Rac8 23. Re2 Qc5 24. Bd4 Qd6 25. Bb2 Bxd5 26. Bxa3 Qxa3
27. exd5 Rxe2 28. Qxe2 Qd6 29. Re1 g6 30. Qe5 Qc5 31. Re2 Rd8 32. Rd2 a5 33.
Qd4 Qd6 34. c4 bxc4 35. Qxc4 Qe5 36. Qd4 Qd6 37. Kb2 Rd7 38. Qc3 a4 39. b4 Qf4
40. Qd4 Qd6 41. Ka3 Qa6 42. d6 Qc6 43. Kb2 Qb5 44. Rc2 Rd8 45. Rd2 Rd7 46. Qc5
Qb7 47. Re2 Rd8 48. Rc2 Qd7 49. Rd2 Rc8 50. Qd4 Rc6 51. Qe5 Rb6 52. Qc5 Rc6 53.
Qxc6 Qxc6 54. d7 1-0

[Event "Gibraltar ChallWk1 12th"]
[Site "Gibraltar"]
[Date "2014.01.29"]
[Round "3.26"]
[White "Mihajlov, Svetoslav"]
[Black "Mortensen, Henrik"]
[Result "1-0"]
[WhiteElo "2112"]
[BlackElo "1938"]
[PlyCount "57"]
[EventDate "2014.01.27"]
[EventType "swiss"]
[EventRounds "5"]
[EventCountry "GGB"]
[SourceTitle "BritBase"]
[Source "www.saund.co.uk"]
[SourceDate "2018.02.10"]
[SourceVersion "1"]
[SourceVersionDate "2018.02.10"]
[SourceQuality "1"]

1. d4 Nc6 2. Nf3 d6 3. d5 Ne5 4. Nd4 c5 5. dxc6 Nxc6 6. e4 e5 7. Nb3 Nf6 8. Nc3
Be7 9. Be2 O-O 10. O-O a5 11. a4 Be6 12. Bg5 Nxe4 13. Nxe4 Bxg5 14. Qxd6 Be7
15. Qxd8 Raxd8 16. Bb5 Nd4 17. Nxa5 f5 18. Ng3 Nxc2 19. Rac1 Nd4 20. Nxb7 Rb8
21. Nc5 Bd5 22. Nd7 f4 23. Nxb8 Rxb8 24. Ne2 Bxg2 25. Bc4+ Kf8 26. Nxd4 Bxf1
27. Ne6+ Kf7 28. Kxf1 Rxb2 29. Nxf4+ 1-0

[Event "Gibraltar ChallWk1 12th"]
[Site "Gibraltar"]
[Date "2014.01.29"]
[Round "3.27"]
[White "Bhopal, Raj"]
[Black "Perez Cameselle, Francisco"]
[Result "1-0"]
[WhiteElo "2093"]
[BlackElo "1847"]
[PlyCount "91"]
[EventDate "2014.01.27"]
[EventType "swiss"]
[EventRounds "5"]
[EventCountry "GGB"]
[SourceTitle "BritBase"]
[Source "www.saund.co.uk"]
[SourceDate "2018.02.10"]
[SourceVersion "1"]
[SourceVersionDate "2018.02.10"]
[SourceQuality "1"]

1. e4 e6 2. d3 d5 3. Nd2 Nf6 4. Ngf3 c5 5. g3 Nc6 6. Bg2 Be7 7. O-O O-O 8. Re1
dxe4 9. dxe4 e5 10. h3 Qc7 11. c3 h6 12. Qc2 Be6 13. Nf1 Rfd8 14. Ne3 Rac8 15.
Nh2 Qd7 16. Rd1 Qc7 17. Nd5 Bxd5 18. exd5 Qd7 19. Bxh6 Nd4 20. cxd4 cxd4 21.
Qd2 gxh6 22. Qxh6 Qf5 23. g4 Qg6 24. Qxg6+ fxg6 25. Nf3 Nxd5 26. Nxe5 Nf4 27.
Nd3 Nxd3 28. Rxd3 b6 29. Be4 Kg7 30. Rad1 Bc5 31. Bb7 Rc7 32. Ba6 Rcd7 33. a3
Be7 34. Kg2 g5 35. Rc1 Bf6 36. Bc8 Re7 37. Kf3 Rf8 38. Bf5 Rd8 39. Rc6 Ra8 40.
Kg2 Rd8 41. b4 Kf7 42. Rf3 Kg7 43. Bd3 Rf8 44. Rf5 Ree8 45. b5 Rc8 46. Rfxf6
1-0

[Event "Gibraltar ChallWk1 12th"]
[Site "Gibraltar"]
[Date "2014.01.29"]
[Round "3.28"]
[White "Georgieva, Emilia"]
[Black "Hornell, Colin"]
[Result "0-1"]
[WhiteElo "1933"]
[BlackElo "2085"]
[PlyCount "96"]
[EventDate "2014.01.27"]
[EventType "swiss"]
[EventRounds "5"]
[EventCountry "GGB"]
[SourceTitle "BritBase"]
[Source "www.saund.co.uk"]
[SourceDate "2018.02.10"]
[SourceVersion "1"]
[SourceVersionDate "2018.02.10"]
[SourceQuality "1"]

1. d4 Nf6 2. Nf3 e6 3. c3 b6 4. Bg5 Bb7 5. Nbd2 Be7 6. e3 c5 7. Bd3 O-O 8. Qc2
h6 9. h4 cxd4 10. exd4 Nd5 11. g3 a6 12. a3 b5 13. O-O-O Nc6 14. Be4 Na5 15.
Rdg1 Rc8 16. g4 b4 17. axb4 Nxb4 18. Qb1 Bxe4 19. Nxe4 Nb3+ 20. Kd1 d5 21. Bxe7
Qxe7 22. Neg5 hxg5 23. hxg5 g6 24. Rh6 Kg7 25. Rgh1 Rh8 26. Rxh8 Rxh8 27. Rxh8
Kxh8 28. cxb4 Qxb4 29. Qd3 Qa4 30. Qc3 Kg8 31. Ke2 Qb5+ 32. Ke3 Na5 33. Qc8+
Kg7 34. Qd8 Nc6 35. Qf6+ Kg8 36. Kf4 Qxb2 37. Kg3 Qb3 38. Kg2 a5 39. Nh4 Qb4
40. Qf4 a4 41. Qe3 Qd6 42. f4 a3 43. Qc3 a2 44. f5 Qf4 45. Qxc6 Qxg4+ 46. Kf2
Qxh4+ 47. Ke2 Qe4+ 48. Kf2 Qxf5+ 0-1

[Event "Gibraltar ChallWk1 12th"]
[Site "Gibraltar"]
[Date "2014.01.29"]
[Round "3.29"]
[White "Suez-Panama, Gilles"]
[Black "Tarr, Steve F"]
[Result "1-0"]
[WhiteElo "2071"]
[BlackElo "1728"]
[PlyCount "49"]
[EventDate "2014.01.27"]
[EventType "swiss"]
[EventRounds "5"]
[EventCountry "GGB"]
[SourceTitle "BritBase"]
[Source "www.saund.co.uk"]
[SourceDate "2018.02.10"]
[SourceVersion "1"]
[SourceVersionDate "2018.02.10"]
[SourceQuality "1"]

1. d4 Nf6 2. Nf3 d5 3. c4 e6 4. g3 Be7 5. Bg2 O-O 6. O-O dxc4 7. Ne5 c5 8. Na3
Qxd4 9. Qxd4 cxd4 10. Naxc4 Nd5 11. Rd1 f6 12. Nf3 e5 13. Nxd4 Nc7 14. Nb3 Nc6
15. Be3 Be6 16. Nd6 Bxd6 17. Rxd6 Rfd8 18. Rad1 Nd4 19. Rxd8+ Rxd8 20. Nxd4
exd4 21. Bf4 Ne8 22. b3 g5 23. Be3 Nc7 24. Rxd4 Bd5 25. Bd2 1-0

[Event "Gibraltar ChallWk1 12th"]
[Site "Gibraltar"]
[Date "2014.01.29"]
[Round "3.30"]
[White "Musi, Dietmar"]
[Black "Danielsen, Magnus"]
[Result "1/2-1/2"]
[WhiteElo "1762"]
[BlackElo "2032"]
[PlyCount "54"]
[EventDate "2014.01.27"]
[EventType "swiss"]
[EventRounds "5"]
[EventCountry "GGB"]
[SourceTitle "BritBase"]
[Source "www.saund.co.uk"]
[SourceDate "2018.02.10"]
[SourceVersion "1"]
[SourceVersionDate "2018.02.10"]
[SourceQuality "1"]

1. e4 d5 2. exd5 Qxd5 3. Nf3 c5 4. d4 e6 5. c4 Qd8 6. Nc3 Nf6 7. Bg5 Be7 8. Be2
O-O 9. O-O Nbd7 10. Qc2 a6 11. Rad1 Qc7 12. Rfe1 b6 13. Bd3 cxd4 14. Nxd4 Bd6
15. h3 Bb7 16. b3 h6 17. Bc1 Nc5 18. Be2 Nce4 19. Bf3 Nxc3 20. Qxc3 Rfd8 21.
Bxb7 Qxb7 22. Qf3 Qxf3 23. Nxf3 Bb4 24. Bd2 Bxd2 25. Nxd2 Rd7 26. Nb1 Rad8 27.
Nc3 Rd3 1/2-1/2

[Event "Gibraltar ChallWk1 12th"]
[Site "Gibraltar"]
[Date "2014.01.29"]
[Round "3.31"]
[White "Krokay, Urszula"]
[Black "Dotan, Valeria"]
[Result "1-0"]
[WhiteElo "1926"]
[BlackElo "1979"]
[PlyCount "107"]
[EventDate "2014.01.27"]
[EventType "swiss"]
[EventRounds "5"]
[EventCountry "GGB"]
[SourceTitle "BritBase"]
[Source "www.saund.co.uk"]
[SourceDate "2018.02.10"]
[SourceVersion "1"]
[SourceVersionDate "2018.02.10"]
[SourceQuality "1"]

1. e4 c5 2. Nf3 d6 3. d4 cxd4 4. Nxd4 Nf6 5. Nc3 a6 6. h3 g6 7. g4 Bg7 8. Bg2
Qb6 9. Nde2 Be6 10. Be3 Qc7 11. O-O Nbd7 12. f4 O-O 13. b3 Nb6 14. Bd4 Bd7 15.
Nd5 Nfxd5 16. exd5 Bxd4+ 17. Qxd4 Qc5 18. Qxc5 dxc5 19. c4 Nc8 20. Nc3 Nd6 21.
Ne4 Nxe4 22. Bxe4 f5 23. Bf3 fxg4 24. Bxg4 Bf5 25. Rae1 Bxg4 26. hxg4 Rf7 27.
Kg2 Rd8 28. Kg3 Rd6 29. Re4 Rdf6 30. Re6 Kf8 31. g5 Rf5 32. Rf2 Kg7 33. Rb6 e6
34. dxe6 Re7 35. Rd2 Rf8 36. Rd7 Rxd7 37. exd7 Rd8 38. Rxb7 Kf7 39. Rc7 Ke6 40.
Rxc5 Rxd7 41. Rc6+ Kf5 42. Rf6+ Ke4 43. Re6+ Kd4 44. Rxa6 Kc3 45. c5 Kb4 46. c6
Rd3+ 47. Kg4 Kb5 48. Ra7 Kxc6 49. Rxh7 Rd2 50. Rg7 Rg2+ 51. Kf3 Rxa2 52. Rxg6+
Kd5 53. Rf6 Rb2 54. Rb6 1-0